| Tag |
First Indicator |
Second Indicator |
Subfields |
| LEADER |
00000cam a2200000 a 4500 |
| 001 |
in00000002376 |
| 005 |
20190207093202.0 |
| 008 |
981124s1998 dcuabf b f001 0 eng d |
| 035 |
|
|
|a (OCoLC)40389527
|
| 040 |
|
|
|a GPO
|c GPO
|d DLC
|d MvI
|d UtOrBLW
|
| 043 |
|
|
|a n-us-tx
|
| 074 |
|
|
|a 0102-B-43
|
| 086 |
0 |
|
|a A 57.38/43:V 26
|
| 100 |
1 |
|
|a Stringer, Billy R.
|
| 245 |
1 |
0 |
|a Soil survey of Van Zandt County, Texas /
|c United States Department of Agriculture, Natural Resources Conservation Service ; in cooperation with Texas Agricultural Experiment Station, and Texas State Soil and Water Conservation Board.
|
| 264 |
|
1 |
|a [Washington, D.C.?] :
|b The Service,
|c [1998]
|
| 300 |
|
|
|a vii, 153 pages, 3 unnumbered pages, 47 pages of plates :
|b illustrations, maps (some color) ;
|c 28 cm.
|
| 336 |
|
|
|a text
|b txt
|2 rdacontent
|
| 337 |
|
|
|a unmediated
|b n
|2 rdamedia
|
| 338 |
|
|
|a volume
|b nc
|2 rdacarrier
|
| 500 |
|
|
|a The Cushing Library/Chapman Texas Collection copy is part of the Floyd & Louise Chapman Texas & Borderlands Collection.
|5 TXA
|
| 500 |
|
|
|a Cover title.
|
| 500 |
|
|
|a Shipping list number: 99-0047-P.
|
| 500 |
|
|
|a "Issued 1998"--P. iii.
|
| 504 |
|
|
|a Includes bibliographical references (pages 87-88).
|
| 500 |
|
|
|a Includes index to map units.
|
| 650 |
|
0 |
|a Soil surveys
|z Texas
|z Van Zandt County.
|
| 650 |
|
0 |
|a Soils
|z Texas
|z Van Zandt County
|x Maps.
|
| 710 |
1 |
|
|a United States.
|b Natural Resources Conservation Service.
|
| 710 |
2 |
|
|a Texas Agricultural Experiment Station.
|
| 710 |
2 |
|
|a Texas State Soil and Water Conservation Board.
|
| 999 |
f |
f |
|s c718afe0-8473-35e3-aa57-b96aee45a3ee
|i 4981ee11-8d60-353b-a767-4038aae75d39
|t 0
|
| 952 |
f |
f |
|p normal
|a Texas A&M University
|b College Station
|c Sterling C. Evans Library
|d Evans: Maps (2nd floor)
|t 0
|e A 57.38/43:V 26
|h Superintendent of Documents classification
|i unmediated -- volume
|m A14824445415
|
| 952 |
f |
f |
|p normal
|a Texas A&M University
|b College Station
|c Sterling C. Evans Library
|d Evans: Maps (2nd floor)
|t 0
|e A 57.38/43:V 26
|h Superintendent of Documents classification
|i unmediated -- volume
|m A14824402027
|
| 952 |
f |
f |
|p noncirc
|a Texas A&M University
|b College Station
|c Cushing Memorial Library & Archives
|d Cushing: Chapman Texas Collection (Does not check out)
|t 0
|e S599.T4 V2 1998
|h Library of Congress classification
|i unmediated -- volume
|
| 998 |
f |
f |
|a S599.T4 V2 1998
|t 0
|l Cushing: Chapman Texas Collection (Does not check out)
|
| 998 |
f |
f |
|a A 57.38/43:V 26
|t 0
|l Evans: Maps (2nd floor)
|
| 998 |
f |
f |
|a A 57.38/43:V 26
|t 0
|l Evans: Maps (2nd floor)
|